Central Library OPAC University of Rajshahi

The New Testament of Our Lord and Saviour Jesus Christ : (Record no. 36550)

MARC details
000 -LEADER
fixed length control field 00693nam a2200193 a 4500
001 - CONTROL NUMBER
control field 36550
003 - CONTROL NUMBER IDENTIFIER
rucl marc code BD-RjUL
005 - DATE AND TIME OF LATEST TRANSACTION
control field 20211209052513.0
008 - FIXED-LENGTH DATA ELEMENTS--GENERAL INFORMATION
fixed length control field 191426q1881 enk 000 0 eng d
035 ## - SYSTEM CONTROL NUMBER
System control number (BD-RjUL)36651
040 ## - CATALOGING SOURCE
Original cataloging agency BD-RjUL
Language of cataloging eng
Transcribing agency BD-RjUL
Modifying agency BD-RjUL
041 1# - LANGUAGE CODE
Language code of text/sound track or separate title eng
Language code of original grc
082 ## - DEWEY DECIMAL CLASSIFICATION NUMBER
Classification number 225.5204
Author mark and year NEW 1881
Edition number 23
245 04 - TITLE STATEMENT
Title The New Testament of Our Lord and Saviour Jesus Christ :
Statement of responsibility, etc. translated out of the Greek: being the version set forth A.D. 1611 compared with the most ancient authorities and revised A.D. 1881.
260 ## - PUBLICATION, DISTRIBUTION, ETC. (IMPRINT)
Place of publication, distribution, etc. Oxford :
Name of publisher, distributor, etc. University press,
Date of publication, distribution, etc. 1881
300 ## - PHYSICAL DESCRIPTION
Pagination xxii, 496 p. ;
Size 18 cm
650 ## - SUBJECT ADDED ENTRY--TOPICAL TERM
Topical term or geographic name as entry element Bible
General subdivision New Testament
-- Versions
9 (RLIN) 220857
942 ## - ADDED ENTRY ELEMENTS (KOHA)
Source of classification or shelving scheme Dewey Decimal Classification
Koha item type Rare Books
Holdings
Lost status Source of classification or shelving scheme Damaged status Not for loan Collection code Permanent Location Current Location Shelving location Date acquired Source of acquisition Total Checkouts Full call number Date last seen Copy number Koha item type Cost, normal purchase price
  Dewey Decimal Classification   Not For Loan Rare Books Central Library, University of Rajshahi Central Library, University of Rajshahi Rare Book Section 20/03/1901 Zeitlinger   RA 225.5204 NEW 1881 26/06/2014 C-1 Rare Books  
  Dewey Decimal Classification     Non-fiction Central Library, University of Rajshahi Central Library, University of Rajshahi General Stacks 24/01/1955 Dacca, O.C. P   RA 225.5204 NEW 1953 20/10/2022 C-2 Rare Books 3.60